书目信息 |
| 题名: |
六国技术教育史
|
|
| 作者: | ;李永连 译 ;日本世界教育史研究会 编 | |
| 分册: | ||
| 出版信息: | 北京 教育科学出版社 1984 |
|
| 页数: | 342页 | |
| 开本: | 21cm | |
| 丛书名: | 外国教育译丛 | |
| 单 册: | ||
| 中图分类: | G719.1 | |
| 科图分类: | ||
| 主题词: | 技术教育-教育史--世界 , 教育史-技术教育--世界 | |
| 电子资源: | ||
| ISBN: | ||
| 000 | 00791nam2 2200265 45 | |
| 001 | 1556131833 | |
| 005 | 20150130153553.68 | |
| 010 | @dCNY1.20 | |
| 091 | @aCN@b7232.176 | |
| 100 | @a19950704d1984 kemy0chiy0121 ea | |
| 101 | 1 | @achi@cjpn |
| 102 | @aCN@b110000 | |
| 105 | @ay z 000yy | |
| 200 | 10 | @a六国技术教育史@Aliu guo ji shu jiao yu shi@f日本世界教育史研究会编@g李永连等译 |
| 210 | @a北京@c教育科学出版社@d1984 | |
| 215 | @a342页@d21cm | |
| 225 | 2 | @a外国教育译丛 |
| 410 | 0 | @120010@a外国教育译丛 |
| 606 | @a技术教育-教育史@y世界 | |
| 606 | @a教育史-技术教育@y世界 | |
| 690 | @aG719.1@v3 | |
| 702 | 0 | @a李永连@Ali yong lian@4译 |
| 711 | 02 | @a日本世界教育史研究会@Ari ben shi jie jiao yu shi yan jiu hui@4编 |
| 801 | 0 | @aCN@bTSSF@c20150130 |
| 905 | @aZUCC@dG719.1@eJY3 | |
| 六国技术教育史/日本世界教育史研究会编/李永连等译.-北京:教育科学出版社,1984 |
| 342页;21cm.-(外国教育译丛) |
| ISBN :CNY1.20 |
| ● |
| 相关链接 |
|
|
|
|
正题名:六国技术教育史
索取号:G719.1/JY3
 
预约/预借
| 序号 | 登录号 | 条形码 | 馆藏地/架位号 | 状态 | 备注 |
| 1 | 7858725 | 278587254 | 学院路分馆/ [索取号:G719.1/JY3] | 在馆 |